Social Movement in Bengal: (Record no. 206082)

MARC details
000 -LEADER
fixed length control field 00615nam a22001817a 4500
005 - DATE AND TIME OF LATEST TRANSACTION
control field 20241003154954.0
010 ## - LCCN (DPL NO)
LC control number ENG-141897
020 ## - INTERNATIONAL STANDARD BOOK NUMBER
International Standard Book Number 9788180643606
Terms of availability 180.00
035 ## - SYSTEM CONTROL NUMBER
System control number EN-125429
037 ## - SOURCE OF ACQUISITION
Source of stock number/acquisition DBAD
082 ## - DEWEY DECIMAL CLASSIFICATION NUMBER
Classification number 303.48409545
Edition number 1
245 ## - TITLE STATEMENT
Title Social Movement in Bengal:
Remainder of title Identity Question Unrest and Challenges/
Statement of responsibility, etc By Bipul Mandal
250 ## - EDITION STATEMENT
Edition statement 1
260 ## - PUBLICATION, DISTRIBUTION, ETC. (IMPRINT)
Place of publication, distribution, etc Kolkata
Name of publisher, distributor, etc Progressive Publishers
Date of publication, distribution, etc 2021
270 ## - ADDRESS
City Kolkata
Address 37A, College Street
Postal code 700073
Electronic mail address progressivepubl@yahoo.co.in
Telephone number 9830305810
-- 9038296630
300 ## - PHYSICAL DESCRIPTION
Extent 192p.
Other physical details Index
Dimensions 22cm(hb)
942 ## - ADDED ENTRY ELEMENTS (KOHA)
Source of classification or shelving scheme Dewey Decimal Classification
Item type English Books
Call number suffix MAN
Classification part 303.48409545
Holdings
Withdrawn status Lost status Not for loan Collection code Home library Current library Date acquired Source of acquisition Cost, normal purchase price Full call number Barcode Copy number Cost, replacement price Koha item type
      Non-fiction Central Library Central Library 03/10/2024 Delivery of Books Act Division 180.00 MAN 303.48409545 EN-125429 1 180.00 English Books

© Delhi Public Library
Hit Counter
free hit counter